Skylanders: Giants - Statistiques

Statistiques générales
  • Ce quiz a été pris 160 fois
    156 depuis la dernière actualisation
  • Le résultat moyen est 39 sur 48
Statistiques - réponses
Question Réponse % Correct
Qui est Wrecking Ball ?
99%
Qui est Ninjini ?
99%
Qui est Spyro ?
97%
Qui est Double Trouble ?
97%
Qui est Pop Fizz ?
96%
Qui est Eye-Brawl ?
96%
Qui est Chop Chop ?
96%
Qui est Lightcore Pop Fizz ?
93%
Qui est Cynder ?
93%
Qui est Hex ?
92%
Qui est Fright Rider ?
92%
Qui est Lightcore Hex ?
90%
Qui est Tree Rex ?
90%
Qui est Flashwing ?
89%
Qui est Trigger Happy ?
89%
Qui est Stump Smash ?
89%
Qui est Zook ?
89%
Qui est Stealth Elf ?
88%
Qui est Swarm ?
88%
Qui est Crusher ?
86%
Qui est Terrafin ?
86%
Qui est Jet-Vac ?
86%
Qui est Bash ?
85%
Qui est Bouncer ?
85%
Qui est Lightning Rod ?
82%
Qui est Lightcore Jet-Vac ?
81%
Qui est Hot Dog ?
81%
Qui est Drill Sergeant ?
79%
Qui est Lightcore Shroomboom ?
79%
Qui est Shroomboom ?
78%
Qui est Sonic Boom ?
78%
Qui est Slam Bam ?
78%
Qui est Zap ?
78%
Qui est Whirlwind ?
75%
Qui est Lightcore Chill ?
75%
Qui est Chill ?
75%
Qui est Flameslinger ?
75%
Qui est Sprocket ?
74%
Qui est Gill Grunt ?
72%
Qui est Thumpback ?
72%
Qui est Hot Head ?
72%
Qui est Ignitor ?
68%
Qui est Lightcore Drobot ?
64%
Qui est Drobot ?
60%
Qui est Lightcore Eruptor ?
60%
Qui est Eruptor ?
51%
Qui est Lightcore Prism Break ?
40%
Qui est Prism Break ?
40%
Aucun quiz correspondant
Distribution des résultats
% des personnes avec chaque résultat
Percentile par nombre de réponses
Votre historique - résultats
Vous n’avez pas pris ce quiz depuis la dernière actualisation